1144 1167 1977 1520 1825 1367 1525 1944 1402 1601 1566 1466 1242 1117 1608 1825 1459 1556 1349 1167 1261 1398 1640 1855 1419 1602 1116 1866 1736 1704 1847 1095 1521 1742 1727 1043 1444 1775 1784 1124 1084 1187 1795 1558 1037 1874 1791 1189 1621 1181 1840 1336 1667 1367 1741 1653 1218 1025 1894 1543 1846 1815 1386 1948 1935 1355 1354 1058 1804 1471 1918 1369 1965 1148 1978 1789 1108 1459 1607 1503 1536 1316 1550 1912 1800 1898 1507 1853 1661 1329 1694 1460 1721 1298 1325 1870 1659 1752 1559 BCNSPRNW ULIB Ver.6.0+V

เปลี่ยนเป็นภาษาไทย

Change to English
 แสดงรายละเอียดบรรณานุกรม
  กลับหน้าหลัก

Brief Record : Get Marc (ISO 2709) : E-mail record : QR code < ปิดหน้าต่าง
LEADER : 00000nam 2200000uu 4500
001    13399128833
003     ULIB
008    241009s2565||||th 000 0 tha d
020 ^- ^a9786162962677
050 ^- ^aBJ 1528.T5^bก137ค
100 0^ ^aกมลวรรณ คารมปราชญ์ คล้ายแก้ว
245 10 ^aคุณธรรมจริยธรรมในสังคมไทยยุค 4.0 : แนวคิด ทฤษฎี งานวิจัย และแนวทางการพัฒนา /^cกมลวรรณ คารมปราชญ์ คล้ายแก้ว.
250 ^- ^aพิมพ์ครั้งที่ 1.
260 ^- ^aกรุงเทพฯ :^bสำนักงานนวัตกรรมการเรียนรู้ มหาวิทยาลัยศรีนครินทรวิโรฒ,^c2565.
300 ^- ^a264 หน้า :^bตาราง, แผนภาพ ;^c26 ซม.
650 ^4 ^aจริยธรรมแง่สังคม
650 ^4 ^aคุณธรรมแง่สังคม
650 ^4 ^aมนุษย์กับสังคม
945    ^p299^l0^i011046
945    ^p299^l0^i011047
945    ^p299^l0^i011048
999    ^aประนอม เกษจรัล
รายการนี้ยังไม่มีแท็ก
คุณยังไม่ได้ล็อกอิน คุณสามารถมีกิจกรรมร่วมกับเว็บไซต์ได้ แต่ต้องล็อกอินก่อน ::
  ล็อกอิน

รายการสื่อสารสนเทศ

ลำดับที่ ประเภท เลขเรียก/บาร์โค้ด สถานที่ สถานะ
1. การศึกษาทั่วไป
หนังสือสำรอง
สถานะ=หนังสือสำรอง
BJ 1528.T5 ก137ค ฉ.1 
  Barcode: 011046
ห้องสมุดวิทยาเขตสวรรค์ประชารักษ์
►หนังสือทั่วไป
บนชั้น
2. การศึกษาทั่วไป
การศึกษาทั่วไป
BJ 1528.T5 ก137ค ฉ.2 
  Barcode: 011047
ห้องสมุดวิทยาเขตสวรรค์ประชารักษ์
►หนังสือทั่วไป
บนชั้น
3. การศึกษาทั่วไป
การศึกษาทั่วไป
BJ 1528.T5 ก137ค ฉ.3 
  Barcode: 011048
ห้องสมุดวิทยาเขตสวรรค์ประชารักษ์
►หนังสือทั่วไป
บนชั้น

BibComment


ยังไม่เคยถูกคอมเมนท์

คอมเมนท์ทรัพยากรรายการนี้
  คอมเมนท์: คุณธรรมจริยธรรมใ..


 Copyright 2026. Bcnsprnw @Library